[Event "POL-chT 2nd League-4 2020"]
[Site "Poronin"]
[Date "2020.09.09"]
[Round "5.20"]
[White "Smagalski, Slawomir"]
[Black "Mrozowski, Patryk"]
[Result "1/2-1/2"]
[WhiteElo "1940"]
[BlackElo "2062"]
[Annotator "TA"]
[PlyCount "34"]
[EventDate "2020.09.05"]
[EventType "team-tourn"]
[EventCountry "POL"]
[SourceTitle "playchess.com"]
[Source "ChessBase"]
[SourceQuality "1"]

{[%evp 17,34,21,28,27,37,29,28,22,35,3,25,18,8,2,29,0,51,38,38]} 1. Nf3 Nf6 2. c4 d6 3. g3 g6 4. Bg2 Bg7 5. Nc3 O-O 6. O-O Nc6 7. d3 e5 8. Rb1 Bd7 9. b4 Qc8 10. Bg5 {A26: English Opening vs King's Indian with ...Nc6 and d3.} Bh3 11. Bxf6 Bxf6 12. Nd5 {White has an edge.} Bd8 {[#]} 13. b5 $146 ({Predecessor:} 13. Qd2 Bxg2 14. Kxg2 Kg7 15. b5 Ne7 16. Rfc1 f6 17. Qb4 Qe6 18. Qb3 Nxd5 19. cxd5 {½-½ (42) Walentukiewicz,M (2095)-Paprocki,A (1884) Poland 2016}) 13... Nd4 14. Nxd4 {[#] Black must now prevent Bxh3.} Bxg2 15. Kxg2 {Strongly threatening Nf3.} exd4 16. e4 c6 (16... dxe3 $11 17. fxe3 (17. Nxe3 a6 $11) 17... a6) 17. Nb4 f5 1/2-1/2

[Event "POL-chT 2nd League-4 2020"]
[Site "Poronin"]
[Date "2020.09.09"]
[Round "5.21"]
[White "Pasionek, Ariel"]
[Black "Papka, Sebastian"]
[Result "1/2-1/2"]
[WhiteElo "1894"]
[BlackElo "2139"]
[Annotator "TA"]
[PlyCount "72"]
[EventDate "2020.09.05"]
[EventType "team-tourn"]
[EventCountry "POL"]
[SourceTitle "playchess.com"]
[Source "ChessBase"]
[SourceQuality "1"]

{[%evp 11,72,56,69,25,25,-18,-8,-17,6,13,13,12,16,0,31,17,32,0,0,0,0,-28,-29,-23,-32,-39,-38,-39,-8,-8,-12,-18,-21,-22,-12,-24,0,-12,0,-27,-15,-29,-27,-25,-29,-31,-22,-27,-17,-23,-13,-16,0,0,0,0,0,0,0,0,0,-29,0]} 1. e4 d5 2. exd5 Nf6 3. Bb5+ Bd7 4. Bc4 Bg4 5. f3 Bc8 6. Nc3 Nbd7 7. d3 {B01: Scandinavian Defence.} Nb6 8. Bf4 Nfxd5 {[#]} 9. Qd2 $146 {The position is equal.} ({Predecessor:} 9. Nxd5 Nxd5 10. Bxd5 Qxd5 11. Bxc7 Qc5 12. Bf4 Qb4+ 13. Bd2 Qxb2 14. Ne2 e6 15. O-O {0-1 (79) Dauth,B (2269)-Snyta,Z (2121) Stare Mesto 2008}) 9... e6 10. Bxd5 Nxd5 11. Nxd5 exd5 12. O-O-O Be6 13. Ne2 d4 14. Qa5 c5 15. Bc7 Qc8 {[#] Hoping for ...b6.} 16. Be5 f6 17. Bg3 b6 18. Qe1 Kf7 19. Nf4 Bd6 (19... Bf5 {with more complications.} 20. Kb1 Qc6 21. Qd2 Re8 22. Rde1 Bd6) 20. Nxe6 Qxe6 21. Bxd6 Qxd6 22. Qh4 Qd5 23. b3 a5 24. Rhe1 a4 25. Qe4 Qd7 26. Qg4 Qxg4 27. fxg4 $11 {[%mdl 4096] Endgame KRR-KRR} h5 28. gxh5 Rxh5 29. h3 Rf5 30. Re2 axb3 31. axb3 Ra1+ 32. Kd2 Rxd1+ 33. Kxd1 Rf1+ 34. Re1 Rf2 35. Re2 Rf1+ 36. Re1 Rf2 {Accuracy: White = 77%, Black = 88%.} 1/2-1/2

[Event "POL-chT 2nd League-4 2020"]
[Site "Poronin"]
[Date "2020.09.09"]
[Round "5.22"]
[White "Walaszczyk, Witold"]
[Black "Wojciechowski, Beniamin"]
[Result "1-0"]
[WhiteElo "2028"]
[BlackElo "1814"]
[Annotator "TA"]
[PlyCount "65"]
[EventDate "2020.09.05"]
[EventType "team-tourn"]
[EventCountry "POL"]
[SourceTitle "playchess.com"]
[Source "ChessBase"]
[SourceQuality "1"]

{[%evp 14,65,32,42,185,166,186,175,202,208,187,156,162,143,143,156,160,133,153,124,128,147,139,133,171,150,197,201,202,200,237,206,218,225,254,243,284,254,429,412,501,500,498,470,486,478,578,554,721,597,912,835,1121,1014]} 1. d4 d5 2. Nf3 Nf6 3. g3 Bf5 4. Bg2 e6 5. O-O Be7 6. c4 c6 7. Nc3 Nbd7 8. Nh4 {[#]} Ne4 $146 {White leaves nothing to chance now. D11: Slav Defence: 3 Nf3 sidelines and 3...Nf6 4 e3 Bg4.} (8... Bg4 $14) ({Predecessor:} 8... Bg4 9. h3 Bh5 10. g4 Bg6 11. cxd5 Nxd5 12. Nxg6 hxg6 13. e4 Nxc3 14. bxc3 Qc7 15. a4 Rd8 16. Be3 {1-0 (34) Nisipeanu,L (2656)-Parligras,M (2629) Khanty-Mansiysk 2019}) 9. Nxf5 $18 exf5 10. cxd5 cxd5 {White is clearly better.} 11. Nxd5 O-O 12. Qb3 Nb6 13. Nxb6 Qxb6 14. Qxb6 axb6 15. Rd1 Rfd8 16. f3 Nc5 17. Be3 Na4 18. Rd2 b5 19. Rc2 Bd6 20. Bf2 b4 21. e4 Nb6 22. b3 fxe4 23. fxe4 Bf8 24. Re1 g6 25. d5 Nc8 $2 {[#]} (25... Nd7 {was necessary.} 26. e5 f6) 26. e5 Ne7 27. d6 {White is clearly winning.} Nc6 28. Bxc6 bxc6 29. Rxc6 Rxa2 30. Bb6 Rd7 31. Rc7 Rxc7 32. dxc7 Rc2 33. Rd1 {Accuracy: White = 88%, Black = 28%.} 1-0

[Event "POL-chT 2nd League-4 2020"]
[Site "Poronin"]
[Date "2020.09.09"]
[Round "5.23"]
[White "Palacki, Rafal"]
[Black "Swiatnicki, Andrzej"]
[Result "0-1"]
[WhiteElo "1806"]
[BlackElo "2004"]
[Annotator "TA"]
[PlyCount "70"]
[EventDate "2020.09.05"]
[EventType "team-tourn"]
[EventCountry "POL"]
[SourceTitle "playchess.com"]
[Source "ChessBase"]
[SourceQuality "1"]

{[%evp 9,70,20,47,26,24,22,18,26,19,-25,-23,-22,-22,-33,-20,-23,-9,-9,-9,-21,-9,-16,-16,-19,0,-33,-33,-32,-37,-55,-47,-51,-36,-91,-95,-109,-93,-93,-89,-106,-58,-63,-41,-49,-54,-105,-100,-97,-105,-106,-100,-103,-104,-1322,-1326,-29973,-29974,-29971,-29972,-29990,-29991,-29991,-29992]} 1. d4 d5 2. Nf3 Nc6 3. Bf4 Bg4 4. Nbd2 Nf6 5. e3 Nh5 {[#]} 6. h3 $146 {D02: 1 d4 d5 2 Nf3 sidelines, including 2...Nf6 3 g3 and 2...Nf6 3 Bf4.} ({Predecessor:} 6. Bg3 Nxg3 7. hxg3 e5 8. Be2 exd4 9. Nxd4 Bxe2 10. Qxe2 Nxd4 11. exd4+ Qe7 12. f4 g6 13. c3 Qxe2+ 14. Kxe2 {½-½ (37) Tran,T (2455)-Tu,H (2414) Bac Giang 2014}) 6... Bxf3 $1 7. Qxf3 Nxf4 8. Qxf4 {The position is equal.} Nb4 9. Bd3 (9. Bb5+ {looks sharper.} c6 10. Ba4 e6 11. a3 Na6 12. Bb3) 9... Nxd3+ 10. cxd3 e6 11. Qg3 c6 12. O-O h5 13. f4 g6 14. Nf3 Be7 15. Ne5 Bh4 16. Qf3 Rg8 17. a4 Be7 18. Qf2 a5 19. Kh1 f6 20. Nf3 Qc7 21. g3 (21. Qd2 $15) 21... O-O-O $17 22. e4 g5 23. fxg5 fxg5 24. Ne5 Rdf8 {[%cal Bd8f8,Bf8f6,Bf6f2][%mdl 32]} 25. Qe3 Bf6 26. exd5 exd5 27. Nxc6 (27. Kg2 $15) 27... bxc6 28. Qe6+ {[%mdl 64] Double Attack} Qd7 $1 {[%cal Rd7e6]} ({Much weaker is} 28... Kb7 $6 29. Rxf6 Rxf6 30. Qxf6 $11) 29. Rxf6 Rxf6 30. Qxg8+ {[%mdl 4096] Endgame KQR-KQR} Kb7 $1 31. Kh2 $2 {[%mdl 8192] Now White is beyond hope.} (31. Kg2 $17 Qf5 32. Qe8) 31... Qe7 $1 $19 {( -> ...Rf2+)} ({Inferior is} 31... Rf2+ 32. Kg1 $15) 32. Rg1 Rf2+ $1 {[%mdl 64] Double Attack. Black mates.} 33. Rg2 {[#]} Rf1 $1 34. Rg1 {[#]} Qe2+ $1 35. Rg2 Qe1 {Accuracy: White = 65%, Black = 97%.} 0-1

[Event "POL-chT 2nd League-4 2020"]
[Site "Poronin"]
[Date "2020.09.09"]
[Round "5.24"]
[White "Bukowska, Katarzyna"]
[Black "Krzysztynska, Anna"]
[Result "0-1"]
[WhiteElo "1887"]
[BlackElo "1867"]
[Annotator "NA RC"]
[PlyCount "62"]
[EventDate "2020.09.05"]
[EventType "team-tourn"]
[EventCountry "POL"]
[SourceTitle "playchess.com"]
[Source "ChessBase"]
[SourceQuality "1"]
[TimeControl "40/5400+30:900+30"]

1. e4 e5 2. Nf3 Nc6 3. Bb5 Nf6 4. Nc3 d6 5. O-O Bg4 6. h3 Bh5 7. d3 a6 8. Ba4 Be7 9. Be3 O-O 10. g4 Bg6 11. Nd5 Nxd5 12. exd5 Nb8 13. Qd2 f5 14. Bg5 fxg4 15. Bxe7 Qxe7 16. Ng5 gxh3 17. Kh2 Rf4 18. Nxh3 Qh4 19. Qe3 Rxa4 20. f4 Nd7 21. c4 Rb4 22. b3 Bf5 23. Rf3 Bxh3 24. Rxh3 Qxf4+ 25. Qxf4 exf4 26. Rf3 Rf8 27. d4 a5 28. Re1 g5 29. Re7 Rf7 30. Re8+ Kg7 31. Ra8 a4 0-1

[Event "POL-chT 2nd League-4 2020"]
[Site "Poronin"]
[Date "2020.09.10"]
[Round "6.1"]
[White "Steczek, Marcin"]
[Black "Miasik, Adrian"]
[Result "1/2-1/2"]
[WhiteElo "2359"]
[BlackElo "1958"]
[Annotator "TA"]
[PlyCount "86"]
[EventDate "2020.09.05"]
[EventType "team-tourn"]
[EventCountry "POL"]
[SourceTitle "playchess.com"]
[Source "ChessBase"]
[SourceQuality "1"]

{[%evp 10,86,68,58,70,68,56,53,88,62,72,78,64,70,77,64,75,52,57,60,70,36,37,29,29,0,0,0,1,-4,27,32,34,37,33,38,43,33,36,7,42,34,60,38,50,13,46,26,79,65,89,107,136,131,136,136,136,136,136,92,136,136,136,136,136,136,136,136,136,136,136,135,136,111,135,111,136,111,150]} 1. c4 d5 2. cxd5 Qxd5 3. Nc3 Qd8 4. Nf3 Nf6 5. g3 g6 6. Bg2 Bg7 {A16: English Opening: 1...Nf6 with ...d5.} 7. O-O O-O 8. d4 c6 {White is slightly better.} 9. h3 Nd5 10. e4 Nxc3 11. bxc3 {[#]} Nd7 $146 {[%cal Bb8d7,Bd7b6,Bb6c8,Bc8d6][%mdl 32]} ({Predecessor:} 11... c5 12. Be3 cxd4 13. cxd4 Nc6 14. Rb1 Rb8 15. Bf4 Ra8 16. d5 Na5 17. Qc1 a6 18. Bc7 {1-0 (18) Tedesco,G (1663)-Koerber,B (1488) Berlin 2019}) 12. Qc2 e5 13. Rb1 Qc7 14. Rd1 c5 15. d5 Nb6 $1 16. c4 Bd7 17. Nd2 Ba4 18. Nb3 Nc8 19. Qb2 Nd6 20. Qa3 $36 {[%mdl 2048] White has the initiative.} Bxb3 21. axb3 a5 22. Be3 b6 23. Qa4 Ra7 24. Rbc1 {[%cal Bb1c1,Bc1c2,Bc2a2][%mdl 32]} Qd7 25. Rc2 (25. Re1 {seems wilder.} Qd8 26. h4 f5 27. exf5 Nxf5 28. Rcd1) 25... Rc7 26. Qxd7 Rxd7 27. g4 f6 28. Ra2 g5 (28... f5 $11 {remains equal.}) 29. f3 Rb8 30. Bf1 Ne8 31. h4 h6 32. h5 Bf8 33. Bd3 Nc7 34. Rda1 Na6 35. Be2 Nb4 36. Rb2 Bd6 37. Kf1 Kf7 38. Ke1 Ra7 39. Kd2 Rba8 40. Ra4 Ke7 41. Kc3 Rb8 42. Rb1 Rc7 43. Rba1 Rbc8 {Accuracy: White = 76%, Black = 74%.} 1/2-1/2

[Event "POL-chT 2nd League-4 2020"]
[Site "Poronin"]
[Date "2020.09.10"]
[Round "6.2"]
[White "Ciasnocha, Michal"]
[Black "Smagalski, Slawomir"]
[Result "1/2-1/2"]
[WhiteElo "1826"]
[BlackElo "1940"]
[Annotator "TA"]
[PlyCount "41"]
[EventDate "2020.09.05"]
[EventType "team-tourn"]
[EventCountry "POL"]
[SourceTitle "playchess.com"]
[Source "ChessBase"]
[SourceQuality "1"]

{[%evp 15,41,25,22,-4,0,-9,0,0,7,0,-7,-15,-17,-18,-9,-17,0,0,0,0,4,5,15,0,51,0,18,0]} 1. d4 Nf6 2. c4 e6 3. Nf3 b6 4. e3 Bb7 5. Bd3 Be7 6. Nc3 d5 7. cxd5 exd5 8. O-O O-O 9. Qe2 {E14: Queen's Indian: Classical Variation (4 e3).} Nbd7 10. b3 Re8 11. Bb2 a6 12. Rac1 Bd6 13. Qc2 Ne4 14. Ne2 {[%cal Bc3e2,Be2g3,Bg3f5][%mdl 32]} Rc8 15. Ng3 {[#]} Ndf6 $146 ({Predecessor:} 15... g6 16. Qe2 h5 17. Rfd1 h4 18. Nf1 Qf6 19. Rc2 h3 20. gxh3 Qe6 21. h4 Qh3 22. Ng3 Ndf6 {1-0 (41) Janssen,R (2513)-Rotstein,A (2534) Germany 2007}) 16. Nf5 Bf8 17. Ne5 g6 {[#] Strongly threatening ...c5.} 18. Ng3 Bg7 19. Qe2 Ra8 ({Black should play} 19... c5 $11) 20. b4 (20. Nxe4 $14 Nxe4 21. Bxe4 dxe4 22. Qc4) 20... Qd6 21. a3 {A rather calm draw. Accuracy: White = 82%, Black = 92%.} 1/2-1/2

[Event "POL-chT 2nd League-4 2020"]
[Site "Poronin"]
[Date "2020.09.10"]
[Round "6.3"]
[White "Papka, Sebastian"]
[Black "Ziemniak, Piotr"]
[Result "1-0"]
[WhiteElo "2139"]
[BlackElo "1741"]
[Annotator "TA"]
[PlyCount "95"]
[EventDate "2020.09.05"]
[EventType "team-tourn"]
[EventCountry "POL"]
[SourceTitle "playchess.com"]
[Source "ChessBase"]
[SourceQuality "1"]

{[%evp 25,95,43,51,33,58,54,53,65,173,177,282,282,267,265,257,265,264,246,325,239,227,203,304,288,430,397,455,460,437,464,418,272,742,614,570,385,672,663,676,656,730,708,795,706,706,698,698,686,1212,1452,1422,1416,1675,1661,1505,1202,1811,1669,1462,1375,29967,29969,29968,29967,29980,11088,29975,29963,29963,29960,29989,29990]} 1. d4 d6 2. Nf3 Nf6 3. c4 g6 4. Nc3 Bg7 5. e4 O-O 6. Be2 e5 7. d5 a5 8. Bg5 h6 9. Bh4 Na6 10. Nd2 Qe8 11. O-O Nd7 12. a3 Bf6 13. Bxf6 Nxf6 14. b4 {E92: King's Indian: Classical: 6 Be2 e5: 7 dxe5, 7 Be3 and Petrosian System without 7...Nbd7.} axb4 15. axb4 {[%cal Ba3b4,Bb4c5][%mdl 32] [#] Strongly threatening b5.} Bd7 16. Qb3 {[#] White is slightly better.} Nh7 $146 (16... Qe7 $14) ({Predecessor:} 16... Qe7 17. Ra3 Rad8 18. Rc1 Nh7 19. Na2 Ng5 20. f3 Nh3+ 21. Kf1 Nf4 22. Qe3 Qh4 {0-1 (43) Villegas,P (2392)-Camino Carrio,N (1936) Las Palmas 2019}) 17. Ra5 $18 Rc8 (17... c5 $142) 18. c5 Nb8 19. Ra7 dxc5 20. bxc5 Qe7 21. Qa3 ({Don't take} 21. Qxb7 $6 Qxc5 22. Rc1 Nf6 $16) 21... Bh3 22. Nf3 ({Resist} 22. gxh3 Qg5+ 23. Bg4 Qxd2) 22... Bg4 23. Rxb7 {Hoping for d6.} Bxf3 (23... Nd7 $142 24. d6 cxd6) 24. Bxf3 Ng5 (24... Nd7 {is a better defense.} 25. d6 cxd6) 25. Bd1 Nd7 26. d6 cxd6 27. Nd5 Qe6 {[#]} 28. Rxd7 $1 {[%mdl 512]} Rxc5 $2 (28... Nxe4 29. Ne7+ {[%mdl 64] Double Attack} Kg7) (28... Qxd7 29. Nf6+) 29. Re7 Qc8 30. Rxe5 {[%mdl 64] Clearance} dxe5 $2 (30... Qd8 31. Ne7+ Kh7 32. Rxc5 dxc5 33. Qxc5 Nxe4) 31. Ne7+ {[%mdl 64] Double Attack} Kg7 {White must now prevent ...Qc7.} 32. Nxc8 Rcxc8 33. Bg4 Rce8 34. Qe3 Ne6 35. Bxe6 Rxe6 36. h4 h5 37. Rb1 Rfe8 38. g3 R8e7 39. Kg2 Kh7 40. Rb6 Kg7 41. Rxe6 Rxe6 {[%mdl 4096] Endgame KQ-KR} 42. f4 exf4 43. gxf4 Kh7 44. Kf3 Kg7 45. Qc5 (45. Qd4+ $142 Kh7 46. f5 gxf5 47. exf5 Re1 48. Qf6 Kg8 49. Qg5+ {[%mdl 64] Double Attack} Kf8 50. f6) 45... Ra6 46. e5 {White mates.} Re6 47. Ke4 Kh7 48. Qf8 {Black did not feel at home in the position after the opening. Accuracy: White = 72%, Black = 24%.} 1-0

[Event "POL-chT 2nd League-4 2020"]
[Site "Poronin"]
[Date "2020.09.10"]
[Round "6.4"]
[White "Babiarz, Arkadiusz"]
[Black "Walaszczyk, Witold"]
[Result "1-0"]
[WhiteElo "1872"]
[BlackElo "2028"]
[Annotator "TA"]
[PlyCount "89"]
[EventDate "2020.09.05"]
[EventType "team-tourn"]
[EventCountry "POL"]
[SourceTitle "playchess.com"]
[Source "ChessBase"]
[SourceQuality "1"]

{[%evp 14,89,32,26,47,43,78,77,89,70,76,68,115,95,98,91,108,90,115,71,77,75,89,75,160,166,208,127,115,90,153,124,126,116,131,120,124,123,137,125,123,104,137,137,192,190,194,191,170,177,423,405,414,406,407,422,414,400,417,408,401,387,673,673,654,658,609,620,739,752,977,831,959,933,1237,1148,2154,2072]} 1. e4 c6 2. c4 g6 3. Nc3 Bg7 4. g3 d6 5. Bg2 Nf6 6. Nge2 O-O 7. d3 e5 8. O-O Bg4 {A24: English Opening vs King's Indian: Lines without ...Nc6.} 9. h3 Be6 10. f4 Qc8 {White is better.} 11. g4 exf4 $1 12. Bxf4 Ne8 13. Qe1 Nd7 14. Rd1 Ne5 15. b3 c5 16. Qg3 {[#]} a6 $146 ({Predecessor:} 16... Nc6 17. Nb5 a6 18. Nxd6 Nxd6 19. Bxd6 Nd4 20. Nxd4 Bxd4+ 21. Kh1 Re8 22. e5 Ra7 {1-0 (70) Pavasovic,D-Vospernik,A Slovenia 1991}) 17. d4 cxd4 18. Nxd4 b5 ({Better is} 18... Qc5) 19. cxb5 $16 Qc5 20. Kh1 axb5 21. Ndxb5 Rc8 (21... Ra5 $142) 22. Be3 Qb4 23. Rd4 Qa5 24. Ra4 Qd8 25. Nd5 Bd7 26. Bb6 $36 {[%mdl 2048] Black is under strong pressure.} Qg5 27. Rb4 Rc2 28. a4 Nc6 (28... Ra2 $16 29. a5 h5) 29. Rc4 $18 Be5 30. Qe3 Qxe3 31. Bxe3 Rb2 $2 {[#]} (31... Rxc4 {was worth a try.} 32. bxc4 f6) 32. Rxc6 $1 {[%mdl 576] Remove Defender, Decoy} Bxc6 33. Ne7+ {[%mdl 64] Double Attack} Kg7 {...Bxb5 is the strong threat.} 34. Nxc6 Rxb3 35. Bd4 f6 36. Ra1 Rf7 37. Bf1 Nc7 $2 {[#]} (37... Rd7 38. Rd1 Bxd4) 38. Bxe5 {White is clearly winning.} fxe5 39. Nd8 Nxb5 40. Nxf7 ({Stronger than} 40. Bxb5 Rxh3+ 41. Kg1 Rff3 $11) ({Weaker is} 40. axb5 Rf2 $16) 40... Nd4 41. Nxd6 Nf3 42. Kg2 Nh4+ 43. Kf2 Rb2+ 44. Be2 g5 45. Nf5+ {Accuracy: White = 84%, Black = 55%.} 1-0

[Event "POL-chT 2nd League-4 2020"]
[Site "Poronin"]
[Date "2020.09.10"]
[Round "6.5"]
[White "Swiatnicki, Andrzej"]
[Black "Ziemniak, Grzegorz"]
[Result "1-0"]
[WhiteElo "2004"]
[BlackElo "1693"]
[Annotator "TA"]
[PlyCount "93"]
[EventDate "2020.09.05"]
[EventType "team-tourn"]
[EventCountry "POL"]
[SourceTitle "playchess.com"]
[Source "ChessBase"]
[SourceQuality "1"]

{[%evp 9,93,-23,-34,-35,-25,-47,-12,-29,-34,-34,-16,-17,-22,-45,-53,-51,-39,-45,-51,-54,-48,-51,-16,-30,-24,-31,-9,-39,-8,-37,-37,-76,-29,-45,-44,-47,10,17,61,35,57,77,68,62,60,62,157,231,241,231,215,212,191,231,225,179,177,180,329,293,387,382,686,680,992,984,1105,1106,1014,908,1012,1100,3762,6643,6313,6100,2847,2640,29985,29986,29991,29986,29987,29988,29991,29992]} 1. d4 Nf6 2. Nc3 c5 3. dxc5 e6 4. Bg5 Bxc5 5. e3 d5 6. Nf3 {A45: Trompowsky Attack.} O-O 7. Be2 {[#]} b6 $146 ({Predecessor:} 7... Be7 8. O-O a6 9. h3 Nc6 10. a4 Qb6 11. Qc1 Bd7 12. Rd1 Rfd8 13. Nd4 Rac8 {1-0 (30) Miron,I (2077)-Ciorgovean,I (2087) Alba Iulia 2016}) 8. O-O {The position is equal.} Bb7 9. Ne5 h6 10. Bh4 Be7 11. Bf3 Nbd7 12. Nxd7 Qxd7 13. a4 a6 14. Qd4 Qc7 15. Bg3 Qc5 16. Rfd1 Rac8 17. Ne2 {[%cal Bc3e2,Be2f4,Bf4h5,Bh5f6][%mdl 32]} Rfd8 18. c3 Ne8 19. Qd2 Nd6 20. Nf4 Nc4 21. Qe2 Ne5 22. Nh5 Nxf3+ (22... Qc7 $15) 23. Qxf3 $11 Bf8 24. Rd4 {And now Be5 would win.} Qe7 25. Bh4 $1 {[%cal Rh4e7]} g5 26. Nf6+ $1 Kg7 27. Rf4 $1 {Threatens to win with Qh5!} Rc4 {[#] Black is now going downhill.} ({Black should try} 27... d4 $1 $14 28. Qh5 Rd5) 28. Bxg5 $1 $16 {[%mdl 512]} hxg5 {[#]} 29. Qh5 $1 {[%csl Gf6][%cal Rh5h7][%mdl 512]} Qxf6 30. Rxf6 $40 {[%mdl 128] White goes for the king.} Kxf6 {[#]} 31. f4 $1 {[%csl Gf4][%cal Rh5g5][%mdl 512]} Ke7 (31... gxf4 32. Qh4+) 32. fxg5 {aiming for Rf1.} Bc6 33. Rf1 {[%mdl 1024] Hoping for b3. White has strong compensation.} Be8 (33... f5 $142) 34. Qh8 Rg4 35. h3 Rg3 $2 (35... Re4 36. g6 f5) 36. Qe5 $18 Rxe3 37. Qxe3 Kd7 38. Qxb6 Rc8 39. Qxa6 Bc5+ 40. Kh1 Kd8 {[#]} 41. g6 $1 fxg6 42. Qxe6 Rc6 43. Qxd5+ Kc7 44. b4 {White mates.} Ba7 45. Re1 Rd6 {[#]} 46. Qe5 $1 Bc6 47. Rd1 {Accuracy: White = 89%, Black = 46%.} 1-0

[Event "POL-chT 2nd League-4 2020"]
[Site "Poronin"]
[Date "2020.09.10"]
[Round "6.6"]
[White "Polak, Sylwia"]
[Black "Bukowska, Katarzyna"]
[Result "1/2-1/2"]
[WhiteElo "1590"]
[BlackElo "1887"]
[Annotator "NA RC"]
[PlyCount "98"]
[EventDate "2020.09.05"]
[EventType "team-tourn"]
[EventCountry "POL"]
[SourceTitle "playchess.com"]
[Source "ChessBase"]
[SourceQuality "1"]
[TimeControl "40/5400+30:900+30"]

1. d4 {[%emt 0:00:00]} d5 {[%emt 0:00:00]} 2. c4 {[%emt 0:00:00]} e6 {[%emt 0:00:00]} 3. Nc3 {[%emt 0:00:00]} Nf6 {[%emt 0:00:00]} 4. Nf3 {[%emt 0:00:00]} Be7 {[%emt 0:00:32]} 5. e3 {[%emt 0:00:00]} O-O {[%emt 0:00:27]} 6. Bd3 {[%emt 0:00:06]} c5 {[%emt 0:01:57]} 7. O-O {[%emt 0:00:13]} Nc6 {[%emt 0:01:26]} 8. b3 {[%emt 0:00:40]} cxd4 {[%emt 0:02:55]} 9. exd4 {[%emt 0:00:13]} h6 {[%emt 0:02:39]} 10. Bb2 {[%emt 0:01:12]} Bd6 {[%emt 0:04:55]} 11. Re1 {[%emt 0:01:56]} Bd7 {[%emt 0:02:38]} 12. Qd2 {[%emt 0:11:25]} Rc8 {[%emt 0:04:08]} 13. Rac1 {[%emt 0:03:14]} Re8 {[%emt 0:05:54]} 14. Nb5 {[%emt 0:14:49]} Bb4 {[%emt 0:03:42]} 15. Bc3 {[%emt 0:01:28]} Bf8 {[%emt 0:09:35]} 16. Bb2 {[%emt 0:13:03]} a6 {[%emt 0:04:45]} 17. Nc3 {[%emt 0:00:06]} Bb4 {[%emt 0:04:59]} 18. a3 {[%emt 0:08:24]} Bd6 {[%emt 0:01:49]} 19. c5 {[%emt 0:02:32]} Bb8 {[%emt 0:02:31]} 20. Na4 {[%emt 0:01:08]} Na5 {[%emt 0:04:17]} 21. Qb4 {[%emt 0:01:25]} Bxa4 {[%emt 0:00:26]} 22. Qxa4 {[%emt 0:01:21]} Nc6 {[%emt 0:03:02]} 23. b4 {[%emt 0:03:58]} Nh7 {[%emt 0:02:15]} 24. Qb3 {[%emt 0:03:30]} Qc7 {[%emt 0:01:20]} 25. g3 {[%emt 0:01:33]} Nf6 {[%emt 0:01:28]} 26. a4 {[%emt 0:00:43]} a5 {[%emt 0:02:19]} 27. b5 {[%emt 0:00:41]} Nb4 {[%emt 0:00:12]} 28. Bb1 {[%emt 0:00:29]} Ne4 {[%emt 0:04:32]} 29. Ba3 {[%emt 0:02:41]} f5 {[%emt 0:01:28]} 30. Bxb4 {[%emt 0:00:42]} axb4 {[%emt 0:00:05]} 31. Qxb4 {[%emt 0:00:12]} Qf7 {[%emt 0:00:22]} 32. Qa3 {[%emt 0:05:12]} Rf8 {[%emt 0:01:03]} 33. Ne5 {[%emt 0:03:13]} Bxe5 {[%emt 0:01:23]} 34. dxe5 {[%emt 0:00:01]} f4 {[%emt 0:07:36]} 35. Rxe4 {[%emt 0:10:44]} dxe4 {[%emt 0:02:20]} 36. Bxe4 {[%emt 0:00:04]} Qe7 {[%emt 0:06:50]} 37. Qc3 {[%emt 0:01:06]} Ra8 {[%emt 0:02:49]} 38. a5 {[%emt 0:00:57]} Qf7 {[%emt 0:00:46]} 39. f3 {[%emt 0:00:38]} fxg3 {[%emt 0:01:38]} 40. hxg3 {[%emt 0:00:00]} Rab8 {[%emt 0:00:00]} 41. c6 {[%emt 0:03:19]} bxc6 {[%emt 0:05:25]} 42. Bxc6 {[%emt 0:00:05]} Rfc8 {[%emt 0:00:44]} 43. Qe3 {[%emt 0:07:07]} Qg6 {[%emt 0:05:45]} 44. Kg2 {[%emt 0:00:58]} Rxc6 {[%emt 0:00:21]} 45. Rxc6 {[%emt 0:02:16]} Rxb5 {[%emt 0:00:10]} 46. Qc3 {[%emt 0:01:12]} Qb1 {[%emt 0:01:09]} 47. Rc8+ {[%emt 0:07:34]} Kh7 {[%emt 0:00:10]} 48. Qc2+ {[%emt 0:00:27]} Qxc2+ {[%emt 0:00:08]} 49. Rxc2 {[%emt 0:00:04]} Rxa5 {[%emt 0:00:11]} 1/2-1/2